| 000 | 00680nam a2200181 a 4500 | ||
|---|---|---|---|
| 005 | 20230919064202.0 | ||
| 008 | 031007s1993 mx r 000 0 spa d | ||
| 035 | _aUPN01000129708 | ||
| 049 | _aCG | ||
| 050 | 4 |
_aTJ211 _bV3.6 |
|
| 100 | 1 | _aValencia, José Manuel | |
| 245 | 1 | 0 |
_aNoma : _bprototipo didáctico para la enseñanza de la robótica en el área electromecánica / _cJosé Manuel Valencia. |
| 260 |
_aMéxico : _bJ. M. Valencia, _c1993. |
||
| 300 |
_a159 h. _bil. + _eanexos |
||
| 502 | _aTesis (Lic. en Pedagogía) -- Universidad Nacional Autónoma de México. Facultad de Filosofía y Letras. Colegio de Pedagogía, 1993 | ||
| 650 | 2 |
_aRobots _92922 |
|
| 905 | _aLibro | ||
| 999 |
_c101871 _d101871 |
||